Tourism planning : (Record no. 30570)

000 -LEADER
fixed length control field 01177cam a2200301 a 4500
001 - CONTROL NUMBER
control field 14988048
005 - DATE AND TIME OF LATEST TRANSACTION
control field 20190926092748.0
008 - FIXED-LENGTH DATA ELEMENTS--GENERAL INFORMATION
fixed length control field 070830s2008 enka b 001 0 eng
010 ## - LIBRARY OF CONGRESS CONTROL NUMBER
LC control number 2007035893
020 ## - INTERNATIONAL STANDARD BOOK NUMBER
International Standard Book Number 9780132046527 (pbk.)
020 ## - INTERNATIONAL STANDARD BOOK NUMBER
International Standard Book Number 0132046520 (pbk.)
035 ## - SYSTEM CONTROL NUMBER
System control number (OCoLC)167769629
035 ## - SYSTEM CONTROL NUMBER
System control number (OCoLC)ocn167769629
040 ## - CATALOGING SOURCE
Original cataloging agency DLC
Transcribing agency DLC
Modifying agency BWKUK
-- BWK
-- BTCTA
-- BAKER
-- DLC
050 00 - LIBRARY OF CONGRESS CALL NUMBER
Classification number G155.A1
Item number .H349 2008
082 00 - DEWEY DECIMAL CLASSIFICATION NUMBER
Classification number 338.4/791
Edition number 22
100 1# - MAIN ENTRY--PERSONAL NAME
Personal name Hall, Colin Michael,
Dates associated with a name 1961-
245 10 - TITLE STATEMENT
Title Tourism planning :
Remainder of title policies, processes and relationships /
Statement of responsibility, etc. C. Michael Hall.
250 ## - EDITION STATEMENT
Edition statement 2nd ed.
260 ## - PUBLICATION, DISTRIBUTION, ETC. (IMPRINT)
Place of publication, distribution, etc. Harlow, England ;
-- New York :
Name of publisher, distributor, etc. Pearson/Prentice Hall,
Date of publication, distribution, etc. 2008.
300 ## - PHYSICAL DESCRIPTION
Extent xvii, 302 p. :
Other physical details ill. ;
Dimensions 25 cm.
504 ## - BIBLIOGRAPHY, ETC. NOTE
Bibliography, etc Includes bibliographical references (p. 269-298) and index.
650 #0 - SUBJECT ADDED ENTRY--TOPICAL TERM
Topical term or geographic name as entry element Tourism
General subdivision Planning.
856 41 - ELECTRONIC LOCATION AND ACCESS
Materials specified Table of contents only
Uniform Resource Identifier <a href="http://www.loc.gov/catdir/toc/ecip0726/2007035893.html">http://www.loc.gov/catdir/toc/ecip0726/2007035893.html</a>
906 ## - LOCAL DATA ELEMENT F, LDF (RLIN)
a 7
b cbc
c orignew
d 1
e ecip
f 20
g y-gencatlg
942 ## - ADDED ENTRY ELEMENTS (KOHA)
Source of classification or shelving scheme
Koha item type Hard Covered Materials
Classification part G155.A1 .H349 2008
Holdings
Withdrawn status Lost status Source of classification or shelving scheme Damaged status Not for loan Home library Current library Shelving location Date acquired Source of acquisition Cost, normal purchase price Total Checkouts Full call number Barcode Date last seen Date last checked out Price effective from Koha item type
          MACHAKOS UNIVERSITY LIBRARY MACHAKOS UNIVERSITY LIBRARY Open shelf 26/09/2019 Purchase 3390.00 1 G155.A1 .H349 2008 23112 19/10/2019 05/10/2019 26/09/2019 Hard Covered Materials
© Machakos University Library, Along The Highway, Machakos Wote Rd, Machakos, Kenya P.O. Box 136 - 90100 Machakos - Kenya

Tel: ( +254 ) 723 805829 OR Fax : 044-20353 OR Email: library@mksu.ac.ke